El retrato de dorian gray /
Guardado en:
| Autor Principal: | |
|---|---|
| Formato: | Libro |
| Publicado: |
Madrid :
Club Internacional del Libro,
1999
|
| Materias: | |
| Etiquetas: |
Agregar Etiqueta
Sin Etiquetas, Sea el primero en etiquetar este registro!
|
| LEADER | 00501nam a22001815a 4500 | ||
|---|---|---|---|
| 001 | CEM.cems016238 | ||
| 005 | 20100215160035.0 | ||
| 008 | 130507s1999##################000#0#####d | ||
| 003 | CEMS | ||
| 082 | 0 | 4 | |a 823 |
| 100 | 1 | |a Wilde, Oscar | |
| 245 | 1 | 0 | |a El retrato de dorian gray / |c Oscar Wilde, |
| 260 | |a Madrid : |b Club Internacional del Libro, |c 1999 | ||
| 300 | |a 223 p. | ||
| 653 | |a Literatura | ||
| 653 | |a Novela irlandesa | ||
| 653 | |a Novelas | ||
| 859 | |a CEMS |b BIB. CEMS - Agricultura |h 823 |i W644 |p A0146.00 |t Ej.1 | ||
